| 000 | 00328nam a22001337a 4500 | ||
|---|---|---|---|
| 020 | _qPB. | ||
| 040 | _cFIZZA ISHAQ | ||
| 082 |
_a624.2 _bAMI |
||
| 100 |
_aLASKAR,ISLAM AMINUL. _991619 |
||
| 245 |
_aCONCRETE TECHNOLOGY PRACTICES / _cAMINUL ISLAM LASKAR. |
||
| 260 |
_aNAROSA ; _c2015. |
||
| 300 | _a1728 P. ; | ||
| 942 |
_2ddc _cBK |
||
| 999 |
_c589776 _d589776 |
||